Zalacaín el aventurero
محفوظ في:
| المؤلف الرئيسي: | |
|---|---|
| التنسيق: | كتاب |
| اللغة: | Undetermined |
| منشور في: |
San José, Costa Rica
Fernández Arce
1992
|
| الطبعة: | 6 |
| الموضوعات: | |
| الوسوم: |
إضافة وسم
لا توجد وسوم, كن أول من يضع وسما على هذه التسجيلة!
|
MARC
| LEADER | 00000nam a2200000Ia 4500 | ||
|---|---|---|---|
| 008 | 170316s9999 xx 000 0 und d | ||
| 040 | |a cru BVZT | ||
| 090 | |a 862 B-6z | ||
| 100 | |a Baroja, Pío | ||
| 245 | |a Zalacaín el aventurero | ||
| 250 | |a 6 | ||
| 260 | |a San José, Costa Rica | ||
| 260 | |b Fernández Arce | ||
| 260 | |c 1992 | ||
| 300 | |a 171 páginas | ||
| 650 | |a LITERATURA ESPAÑOLA | ||
| 999 | |c 9576 |d 9576 | ||
| 942 | |c 15 D |h 862 B-6z |2 z | ||
